| 000 | 00560nam a2200205Ia 4500 | ||
|---|---|---|---|
| 005 | 20250319040254.0 | ||
| 008 | 240331s9999 xx 000 0 und d | ||
| 020 | _a0761993118 | ||
| 082 |
_a302.23 _bKAZ _24242 |
||
| 100 | _aKazmi, F | ||
| 245 | 0 |
_aThe Politics of India's Conventional Cinema: _bImaging a Universe, Subverting a Multiverse |
|
| 260 |
_aNew Delhi; _aCalifornia; _aLondon, _bSAGE Publications _c1999 |
||
| 300 | _a254 p., | ||
| 650 | _aCinema | ||
| 650 | _aMedia | ||
| 650 | _aPolitics | ||
| 650 | _aIndia | ||
| 650 | _aCulture | ||
| 942 | _cL | ||
| 999 |
_c1111 _d1111 |
||